Life behind life (Record no. 86779)

MARC details
000 -LEADER
fixed length control field 00543cam a22002051 4500
001 - CONTROL NUMBER
control field sa 68015902
003 - CONTROL NUMBER IDENTIFIER
control field DLC
005 - DATE AND TIME OF LATEST TRANSACTION
control field 20260227112649.0
008 - FIXED-LENGTH DATA ELEMENTS--GENERAL INFORMATION
fixed length control field 700721s1965 ii 000 0 eng
010 ## - LIBRARY OF CONGRESS CONTROL NUMBER
LC control number sa 68015902
025 ## - OVERSEAS ACQUISITION NUMBER
Overseas acquisition number PL480:I-E-5878
040 ## - CATALOGING SOURCE
Original cataloging agency DLC
Transcribing agency DLC
Modifying agency DLC
050 00 - LIBRARY OF CONGRESS CALL NUMBER
Classification number B132.Y6
Item number P217
100 1# - MAIN ENTRY--PERSONAL NAME
Personal name Pandit, Madhav Pundalik,
Dates associated with a name 1918-
245 10 - TITLE STATEMENT
Title Life behind life
Statement of responsibility, etc. [by] M. P. Pandit.
260 ## - PUBLICATION, DISTRIBUTION, ETC.
Place of publication, distribution, etc. Ahmedabad,
Name of publisher, distributor, etc. Sri Aurobindo Mandal,
Date of publication, distribution, etc. 1965.
300 ## - PHYSICAL DESCRIPTION
Extent 142 p.
Dimensions 22 cm.
650 #0 - SUBJECT ADDED ENTRY--TOPICAL TERM
Topical term or geographic name entry element Yoga.
650 #0 - SUBJECT ADDED ENTRY--TOPICAL TERM
Topical term or geographic name entry element Hindu philosophy.

No items available.

Powered by Koha